00773cam a22002531 4500001000800000005001700008008004100025010001700066015001400083035001800097040003000115041000800145042001200153080001500165082001500180100000600195101000800201245009500209504002700304906004500331942001200376999001700388952011400405609143620180918042131.0740207s1962 paua b 000 0 eng  a 61014308  aGB62-2397 a(OCoLC)792994 aDLCcOTMCdOCoLCdUkdDLC aeng apremarc a616.99 GRA a616.99 GRA1 a6 aKAN10aCarcinoma of the cervixc[by] John B. Graham, Luciano S. J. Sotto [and] Frank P. Paloucek. aIncludes bibliography. a7bcbccoclcrplduencipf19gy-gencatlg 2ddccBK c47890d47890 00102udc40708PËKGa002b002cPËKGd2018-09-18l0o616.99 GRAp002-3012994r2018-09-18w2018-09-18yBK